• 首页
  • 本馆介绍
  • 公告通知
  • 最新文献
  • 馆藏检索
  • 电子资源
  • 读者导购
  • 参考咨询
  • 我的图书馆
  • 登录
  • 详细信息显示
  • 放入我的书架
  • 预约/预借图书
  • 作者相关作品
  • 分类相关作品
  • 丛书相关作品
  • 出版社相关作品

书目信息

  • 表格格式
  • 工作单格式
  • 卡片格式
题名:
黑暗年代
    
 
作者: (英) 埃德·韦斯特 (Ed West) 著
分册:  
出版信息: 北京   化学工业出版社  2020.9
页数: 217页
开本: 22cm
丛书名: 一小时英格兰史系列
单 册:
中图分类: K561.31 , K561.31
科图分类:
主题词: 英格兰--中世纪史--5--10世纪
电子资源:
ISBN: 978-7-122-37347-2
000 01701nam0 2200253 450
001 2161678082
005 20210102170816.73
010    @a978-7-122-37347-2@b精装@dCNY49.80
100    @a20200711d2020 em y0chiy0110 ea
101 0  @achi
102    @aCN@b110000
105    @ay z 000yy
200 1  @a黑暗年代@9hei an nian dai@f(英) 埃德·韦斯特 (Ed West) 著
210    @a北京@c化学工业出版社@d2020.9
215    @a217页@d22cm
225 2  @a一小时英格兰史系列
330    @a一般来说,1066年威廉大帝实现诺曼征服被看作是英格兰历史的开端,而自公元5世纪初盎格鲁-撒克逊人移居不列颠到1066年的这段“黑暗年代”,则被视为统一英格兰形成的雏形阶段。从切达男人到巨石阵,古不列颠的文明史可追溯至万年前。自发现之初,不列颠岛就吸引各种族群迁移,到罗马人入侵前,跨海到达不列颠岛的移民潮大约有9波。公元1世纪中期,罗马人终于占领了不列颠岛的大部分地区,设立不列颠尼亚行省。公元410年,蛮族入侵,罗马军队撤离不列颠,来自日耳曼的盎格鲁-撒克逊人移居于此,建立诸多王国,从此征伐不断。公元871年,英格兰的四个王国中有三个被维京人所占领,这是一群来自斯堪的纳维亚的侵略者,他们野蛮粗鲁、所向披靡,给中世纪早期的所有欧洲国家带来了恐慌。这时,仅剩的韦塞克斯王国前途已是相当渺茫。然而,在不到10年的时间里,阿尔弗雷德——这位英格兰历史上唯一的大帝——将维京人从英格兰一半的土地上驱逐了出去,而他的子孙在之后的数年中完成了英格兰的统一。正是在这个时期,阿尔弗雷德颁布了第一部全国性法典、建立起教育系统,并修建了许多城市,英格兰作为一个民族国家开始逐渐成形。
410  0 @12001 @a一小时英格兰史系列
606 0  @a英格兰@x中世纪史@x5@x10世纪
690    @aK561.31@v5
690    @aK561.31@v4
701  0 @a(英) 埃德·韦斯特 (Ed West)@9ai de wei si te e d w e s t@4著
801  2 @aCN@b58marc.cn@c20200711
905    @aZUCC@dK561.31@e2
    
    黑暗年代/(英) 埃德·韦斯特 (Ed West) 著.-北京:化学工业出版社,2020.9
    217页;22cm.-(一小时英格兰史系列)
    
    
    ISBN 978-7-122-37347-2(精装):CNY49.80
    一般来说,1066年威廉大帝实现诺曼征服被看作是英格兰历史的开端,而自公元5世纪初盎格鲁-撒克逊人移居不列颠到1066年的这段“黑暗年代”,则被视为统一英格兰形成的雏形阶段。从切达男人到巨石阵,古不列颠的文明史可追溯至万年前。自发现之初,不列颠岛就吸引各种族群迁移,到罗马人入侵前,跨海到达不列颠岛的移民潮大约有9波。公元1世纪中期,罗马人终于占领了不列颠岛的大部分地区,设立不列颠尼亚行省。公元410年,蛮族入侵,罗马军队撤离不列颠,来自日耳曼的盎格鲁-撒克逊人移居于此,建立诸多王国,从此征伐不断。公元871年,英格兰的四个王国中有三个被维京人所占领,这是一群来自斯堪的纳维亚的侵略者,他们野蛮粗鲁、所向披靡,给中世纪早期的所有欧洲国家带来了恐慌。这时,仅剩的韦塞克斯王国前途已是相当渺茫。然而,在不到10年的时间里,阿尔弗雷德——这位英格兰历史上唯一的大帝——将维京人从英格兰一半的土地上驱逐了出去,而他的子孙在之后的数年中完成了英格兰的统一。正是在这个时期,阿尔弗雷德颁布了第一部全国性法典、建立起教育系统,并修建了许多城市,英格兰作为一个民族国家开始逐渐成形。
●
相关链接 在五车中查询图书 在当当中查询图书 在豆瓣中查询图书


正题名:黑暗年代     索取号:K561.31/2         预约/预借

序号 登录号 条形码 馆藏地/架位号 状态 备注
1 2000874992   2000874992   第二书库/ [索取号:K561.31/2] 在馆    
2 2000874993   2000874993   第二书库/ [索取号:K561.31/2] 在馆    
3 2000874994   2000874994   第二书库/ [索取号:K561.31/2] 在馆    
山东省滨州职业学院图书馆 欢迎您!
大连网信软件有限公司© 版权所有